| 000 | 00723pab a2200157 454500 | ||
|---|---|---|---|
| 008 | 180718b2004 xxu||||| |||| 00| 0 eng d | ||
| 100 | _aAlam, Jayanti | ||
| 245 | _a`Bigots' and `Fanatics' | ||
| 260 | _c2004 | ||
| 300 | _ap.1463-464. | ||
| 362 | _a3 and 10 Apr | ||
| 520 | _aRulers portrayed as `bigots' and `fanatics' were often forced to balance competing claims and demands from a widely disparate population. A history, honestly written, would also need to tell us that all that appears as bigotry on the part of either Hindu or Muslim rulers were actually shrewd administrative and political strategies. - Reproduced. | ||
| 650 | _aReligious behaviour | ||
| 773 | _aEconomic and Political Weekly | ||
| 909 | _a60208 | ||
| 999 |
_c60208 _d60208 |
||